000 00439nam a22001697a 4500
005 20160530102640.0
008 160530b xxu||||| |||| 00| 0 eng d
020 _a978-81-2591-205-7
041 _aeng
082 _b5940
100 _aMohament H. Reera & others
_91483
245 _aCostomer Relationship Mgt.
260 _aNew Delhi
_bVikas Publishing House (P) Ltd.
_c2009
300 _a222
650 _aManagement
_9241
942 _cBK
999 _c2101
_d2100